000 00734nam a2200205Ia 4500
003 OSt
005 20230626090700.0
008 210423s9999 xx 000 0 und d
020 _a-
040 _cAL
041 _aeng
082 _a420.02 AHMK
100 _aAHMED (Khaleeq).
_986637
245 _aBookhives english literature paper II and paper III: a comprehensive book for UGC-NET and SLET examination previous years solved papers and model papers.
260 _aNew Delhi
_bBookhive
_c2011
300 _aiv,516
_bPB
365 _b390
_cINR
906 _aBookhives ; comprehensive ; english ; examination ; III: ; literature ; model ; paper ; papers ; papers. ; previous ; SLET ; solved ; UGC-NET ; years
942 _2ddc
_cBK
999 _c159543
_d159543